000 00578nam a2200217Ia 4500
005 20241129120259.0
008 241129s9999||||xx |||||||||||||| ||und||
020 _a9789354424540
037 _aTB
040 _aSDCL
_beng
_cSDCL
041 _aeng
_2eng
084 _aY15:(S:55).2'M R3
_qSDCL
100 _aArondekar Anjali
245 0 _aAbundance: Sexuality's history
260 _aDelhi
_bOrient BlackSwan India
_c2023
300 _a166p.
365 _aINR
_b945
650 _aHistory
942 _cTB
_hY15:(S:55).2'M R3
999 _c1234136
_d1234136